000 00929nas a2200289 4500
001 BR2011003837
003 BR-BrBNA
005 20231205115032.0
007 ta
008 230509b bl.|||p| |||| 00| 00por d
040 _aBR-BrBNA
_bpor
_cBiblioteca Nacional de Agricultura
041 _a(Pt)
072 _aP34
100 1 _aAlves, L.
100 1 _aSilva Filho, G.N.
245 1 _aProdução de mudas de alface (Lactuca sativa L.)em presença de diferentes fontes fosfatadas e microorganismos solubilizadores de fosfatos
650 _aALFACE
650 _aLACTUCA SATIVA
650 _aMUDA
650 _aSOLUBILIZAÇÃO
650 _aMICROBIOLOGIA DO SOLO
650 _aFERTILIZANTE FOSFATADO
650 _aINOCULAÇÃO
773 0 _tSemina. Ciências Agrárias (Brazil)
_xISSN 1676-546X
_g(Jul-Sep 2009), v. 30(3) p. 557-562
_wBR2011003837
909 _a202311
_bLúcia
_c55
_dLúcia Elande
942 _2AGRIS
_n0
_cANA
999 _c211762
_d211762